| 000 | 00688nam a22001937a 4500 | ||
|---|---|---|---|
| 999 |
_c22219 _d22219 |
||
| 003 | AR-CdUCM | ||
| 008 | 190425b ||||| |||| 00| 0 spa d | ||
| 040 |
_aMUNICIPALIDAD PROVINCIAL DEL CUSCO _cBIBLIOTECA MUNICIPAL DEL CUSCO |
||
| 082 | _aQollana/N°1/2011 | ||
| 245 |
_aRevista Qollana : _bLa voz de las provincias integradas Espinar Chumbivilcas y Canas / _cVictoriano Noa Inca |
||
| 260 |
_aCusco. _bQollana, _c2011. |
||
| 300 |
_a11 páginas. : _bilustraciones ; _c30 cm. |
||
| 440 |
_aQollana. _nN°1, agosto 2011. _947669 |
||
| 505 | _aContenido: Espinar VS Arequipa.... | ||
| 650 |
_aProvincia de Espinar _947668 |
||
| 650 |
_aEspinar _91330 |
||
| 942 |
_2ddc _cPP |
||
| 945 | _arac | ||